[Event "Karvina op"]
[Site "Karvina"]
[Date "2015.06.29"]
[Round "3"]
[White "Folwarczny, Marek"]
[Black "Taus, Martin"]
[Result "0-1"]
[WhiteElo "1792"]
[BlackElo "2106"]
[PlyCount "156"]
[EventDate "2015.06.27"]
[EventType "swiss"]
[EventRounds "9"]
[EventCountry "CZE"]
[SourceTitle "CBM 167 Extra"]
[Source "ChessBase"]
[SourceDate "2015.09.14"]
[SourceVersion "1"]
[SourceVersionDate "2015.09.14"]
[SourceQuality "1"]

1. e4 c6 2. Ne2 g6 3. d4 d5 4. exd5 cxd5 5. g3 Bg7 6. Bg2 Nf6 7. c3 h5 8. Bf4 h4 9. Nd2 hxg3 10. hxg3 Rxh1+ 11. Bxh1 Nc6 12. Qb3 a6 13. Nf1 Na5 14. Qa3 Nc4 15. Qb3 b5 16. Ne3 e6 17. a4 Bd7 18. axb5 axb5 19. Rxa8 Qxa8 20. Nxc4 bxc4 21. Qb8+ Qxb8 22. Bxb8 Ba4 23. Bf3 Nd7 24. Bf4 Bc2 25. Kd2 Bd3 26. Nc1 Bb1 27. b3 cxb3 28. Nxb3 Nb6 29. Kc1 Bd3 30. Kd2 Bf1 31. Ke1 Bb5 32. Be2 Bxe2 33. Kxe2 Nc4 34. Nd2 Nb2 35. Bd6 Kd7 36. Ba3 Na4 37. Kd3 Bh6 38. Nf3 f6 39. Nh2 Nb6 40. Ng4 Bg7 41. f4 f5 42. Ne3 Bf6 43. Bc1 Kc6 44. g4 fxg4 45. Nxg4 Bg7 46. Ne5+ Bxe5 47. fxe5 Kb5 48. Bd2 Ka4 49. Kc2 Ka3 50. Bc1+ Ka2 51. Bf4 Nc4 52. Bc1 Na5 53. Bf4 Nb3 54. Kd3 Na5 55. Kc2 Ka3 56. Bc1+ Ka4 57. Bf4 Nb3 58. Be3 Na5 59. Bf4 Kb5 60. Kd3 Nc6 61. Bg5 Nb8 62. Bf4 Nd7 63. Bh6 Kc6 64. Ke3 Kb6 65. Kd2 Ka5 66. Kc2 Ka4 67. Kb2 Kb5 68. Kb3 Nb8 69. Bf4 Nc6 70. Bg5 Na5+ 71. Kc2 Kc4 72. Bh6 Nc6 73. Bg5 Na7 74. Bd2 Nb5 75. Kb2 g5 76. Kc2 g4 77. Be1 g3 78. Bxg3 Nxc3 0-1

[Event "Karvina op"]
[Site "Karvina"]
[Date "2015.06.27"]
[Round "1"]
[White "Folwarczny, Marek"]
[Black "Olsar, Jaroslav"]
[Result "1-0"]
[WhiteElo "1792"]
[BlackElo "2263"]
[PlyCount "65"]
[EventDate "2015.06.27"]
[EventType "swiss"]
[EventRounds "9"]
[EventCountry "CZE"]
[SourceTitle "CBM 167 Extra"]
[Source "ChessBase"]
[SourceDate "2015.09.14"]
[SourceVersion "1"]
[SourceVersionDate "2015.09.14"]
[SourceQuality "1"]

1. e4 e5 2. Nf3 Nc6 3. d4 exd4 4. Bc4 Nf6 5. e5 d5 6. Bb5 Ne4 7. Nxd4 Bd7 8. Bxc6 bxc6 9. 0-0 Bc5 10. f3 Ng5 11. f4 Ne4 12. Be3 Bb6 13. Nd2 Nxd2 14. Qxd2 c5 15. Ne2 d4 16. Bf2 Bc6 17. c4 Qd7 18. Qd3 Qg4 19. Bg3 f5 20. exf6 gxf6 21. a4 Ba5 22. h3 Qd7 23. f5 Kf7 24. Nf4 Rhd8 25. Rf2 Bb4 26. Ne6 Rac8 27. Rf4 Rh8 28. Rh4 Rcg8 29. b3 Bb7 30. Ra2 Qc6 31. Re2 Ba5 32. Rhe4 Bc8 33. Qf3 1-0

[Event "Morava-ch op"]
[Site "Kouty nad Desnou"]
[Date "2012.10.24"]
[Round "1"]
[White "Mrazek, Lumir"]
[Black "Folwarczny, Marek"]
[Result "1-0"]
[WhiteElo "2201"]
[BlackElo "1746"]
[PlyCount "35"]
[EventDate "2012.10.24"]
[EventType "swiss"]
[EventRounds "9"]
[EventCountry "CZE"]
[SourceTitle "EXT 2015"]
[Source "ChessBase"]
[SourceDate "2014.11.20"]
[SourceVersion "1"]
[SourceVersionDate "2014.11.20"]
[SourceQuality "1"]

1. e4 e5 2. f4 exf4 3. Nf3 g5 4. Bc4 d6 5. h4 g4 6. Ng5 Nh6 7. d4 f6 8. Bxf4 fxg5 9. Bxg5 Qd7 10. 0-0 Bg7 11. Qd2 Nc6 12. Bxh6 Bxd4+ 13. Kh1 Bxb2 14. Qg5 Ne5 15. Bg7 Bxa1 16. Bxh8 Qa4 17. Qg8+ Kd7 18. Bd5 1-0

[Event "Karvina op"]
[Site "Karvina"]
[Date "2011.07.03"]
[Round "2"]
[White "Folwarczny, Marek"]
[Black "Urbanik, Lukas"]
[Result "0-1"]
[WhiteElo "1631"]
[BlackElo "1887"]
[PlyCount "96"]
[EventDate "2011.07.02"]
[EventType "swiss"]
[EventRounds "9"]
[EventCountry "CZE"]
[SourceTitle "CBM 143 Extra"]
[Source "ChessBase"]
[SourceDate "2011.08.29"]
[SourceVersion "1"]
[SourceVersionDate "2011.08.29"]
[SourceQuality "1"]

1. e4 c5 2. Nf3 d6 3. d4 Nf6 4. Nc3 cxd4 5. Nxd4 a6 6. Be3 e6 7. Be2 Be7 8. 0-0 0-0 9. Qd2 Nc6 10. f4 Qc7 11. Kh1 Re8 12. h3 Nxd4 13. Bxd4 b5 14. e5 Nd7 15. exd6 Bxd6 16. f5 e5 17. Nd5 Qc6 18. Bc3 Bb7 19. Ne3 Rad8 20. Bf3 e4 21. Bg4 Ne5 22. Qe2 f6 23. Rad1 Bb8 24. Bh5 Nf7 25. Rxd8 Rxd8 26. Bxf7+ Kxf7 27. Rd1 Qc7 28. Qh5+ Kg8 29. Rxd8+ Qxd8 30. Bd4 Bc6 31. c3 Qd6 32. Nf1 Qf4 33. Qe2 Qxf5 34. Bg1 Qd5 35. Qg4 Bd7 36. Qe2 Qd3 37. Qh5 f5 38. Qg5 Bc7 39. Qe7 Qd6 40. Qg5 h6 41. Qh5 Qf6 42. Qd1 Bc6 43. Bd4 Qd6 44. Qb3+ Bd5 45. Qc2 Bc4 46. Kg1 Qf4 47. Bf2 Bxf1 48. Kxf1 e3 0-1

[Event "Orlova op 8th"]
[Site "Orlova"]
[Date "2011.05.28"]
[Round "8"]
[White "Folwarczny, Marek"]
[Black "Podlesny, Pavel"]
[Result "1-0"]
[WhiteElo "1605"]
[BlackElo "2104"]
[PlyCount "52"]
[EventDate "2011.05.21"]
[EventType "swiss"]
[EventRounds "9"]
[EventCountry "CZE"]
[SourceTitle "CBM 142 Extra"]
[Source "ChessBase"]
[SourceDate "2011.06.27"]
[SourceVersion "1"]
[SourceVersionDate "2011.06.27"]
[SourceQuality "1"]

1. e4 e6 2. d4 d5 3. Nc3 Nf6 4. e5 Nfd7 5. f4 b6 6. Nf3 c5 7. Bd3 Ba6 8. Bxa6 Nxa6 9. a3 Be7 10. 0-0 g6 11. Be3 Nc7 12. Qd3 a6 13. Rab1 b5 14. b4 cxb4 15. axb4 Nb6 16. g4 h5 17. g5 Qd7 18. Nd2 0-0 19. Na2 a5 20. c3 a4 21. Ra1 Rfc8 22. Nb1 Nc4 23. Bc1 Ne8 24. Na3 Ng7 25. Qf3 Nf5 26. Nxc4 Rxc4 1-0